000 00219nam a22001097a 4500
082 _a005.1
245 _aFundamentals of Algorithms
250 _a3rd Ed
260 _a India
_bPerson
_c2004
300 _a650
_bPB
942 _cBK
999 _c23285
_d23285